<?xml version="1.0" encoding="UTF-8"?><marc:collection xmlns:marc="http://www.loc.gov/MARC21/slim">
  <marc:record>
    <marc:leader>00000nam##2200000za#4500</marc:leader>
    <marc:controlfield tag="001">9.683393</marc:controlfield>
    <marc:controlfield tag="003">CaOODSP</marc:controlfield>
    <marc:controlfield tag="005">20221104105554</marc:controlfield>
    <marc:controlfield tag="007">ta</marc:controlfield>
    <marc:controlfield tag="008">150407|2006||||xxc|||||     f|0| 0 fre|d</marc:controlfield>
    <marc:datafield tag="020" ind1=" " ind2=" ">
      <marc:subfield code="a">0-662-72383-X</marc:subfield>
    </marc:datafield>
    <marc:datafield tag="040" ind1=" " ind2=" ">
      <marc:subfield code="a">CaOODSP</marc:subfield>
      <marc:subfield code="b">fre</marc:subfield>
    </marc:datafield>
    <marc:datafield tag="043" ind1=" " ind2=" ">
      <marc:subfield code="a">n-cn---</marc:subfield>
    </marc:datafield>
    <marc:datafield tag="086" ind1="1" ind2=" ">
      <marc:subfield code="a">R64-105/35-2006F</marc:subfield>
    </marc:datafield>
    <marc:datafield tag="110" ind1="2" ind2=" ">
      <marc:subfield code="a">Parcs Canada.</marc:subfield>
    </marc:datafield>
    <marc:datafield tag="245" ind1="1" ind2="0">
      <marc:subfield code="a">Lieux historiques nationaux du Canada de la Citadelle-d'Halifax, de l'Île-Georges, du Fort-McNab, de la Tour-Prince-de-Galles et de la Redoute-York - plan directeur </marc:subfield>
    </marc:datafield>
    <marc:datafield tag="260" ind1=" " ind2=" ">
      <marc:subfield code="a">Halifax - Nouvelle-Écosse : </marc:subfield>
      <marc:subfield code="b">Parcs Canada </marc:subfield>
      <marc:subfield code="c">Mai 2009.</marc:subfield>
    </marc:datafield>
    <marc:datafield tag="300" ind1=" " ind2=" ">
      <marc:subfield code="a">x, 72p. : </marc:subfield>
      <marc:subfield code="b">cartes, références, photographies ; </marc:subfield>
      <marc:subfield code="c">28 cm.</marc:subfield>
    </marc:datafield>
    <marc:datafield tag="520" ind1="3" ind2=" ">
      <marc:subfield code="a">Un guide stratégique en vue de la gestion et de la conservation futures de ce lieu historique national. Il renferme une stratégie préparée selon les exigences législatives et politiques tout en tenant compte des questions et des particularités locales. Le plan contient de l’information sur l’histoire et la valeur du lieu en tant que ressource culturelle, son milieu de fonctionnement et ses programmes, les stratégies de maintien de l’intégrité commémorative et les plans pour l’avenir, ainsi qu’un sommaire de l’évaluation environnementale stratégique.</marc:subfield>
    </marc:datafield>
    <marc:datafield tag="563" ind1=" " ind2=" ">
      <marc:subfield code="a">Couverture souple</marc:subfield>
    </marc:datafield>
    <marc:datafield tag="590" ind1=" " ind2=" ">
      <marc:subfield code="a">09-42</marc:subfield>
      <marc:subfield code="b">2009-10-16</marc:subfield>
    </marc:datafield>
    <marc:datafield tag="691" ind1="0" ind2="7">
      <marc:subfield code="a">Lieu historique</marc:subfield>
      <marc:subfield code="2">gcpds</marc:subfield>
    </marc:datafield>
    <marc:datafield tag="775" ind1="0" ind2="8">
      <marc:subfield code="t">Halifax Citadel, Georges Island, Fort McNab, Prince of Wales Tower and York Redoubt national historic sites of Canada - management plan </marc:subfield>
      <marc:subfield code="w">(CaOODSP)9.650274</marc:subfield>
    </marc:datafield>
    <marc:datafield tag="776" ind1="0" ind2="#">
      <marc:subfield code="t">Lieux historiques nationaux du Canada de la Citadelle-d'Halifax, de l'Île-Georges, du Fort-McNab, de la Tour-Prince-de-Galles et de la Redoute-York </marc:subfield>
      <marc:subfield code="w">(CaOODSP)9.822511</marc:subfield>
    </marc:datafield>
  </marc:record>
</marc:collection>
